000 01537nam a2200493 a 4500
001 21543
003 CZ PrNK
005 20260303164953.0
007 ta
008 080617s2008 xr a a 000 0 cze
015 _acnb001807889
020 _a9788073606077
_q(váz.)
035 _a(OCoLC)237196497
040 _aABA001
_bcze
041 0 _acze
_aeng
072 7 _a811.111
_xAngličtina
_2Konspekt
072 7 _a0/9-053.2
_xLiteratura pro děti a mládež (naučná)
_2Konspekt
080 _a811.111
_2MRF
080 _a81'373
_2MRF
080 _a81'355
_2MRF
080 _a(0.053.2)
_2MRF
245 0 0 _aOttova první encyklopedie
246 1 8 _aAngličtina hrou
260 _aPraha :
_bOttovo nakladatelství,
_c2008
300 _a[23] s. :
_bvše barev. il. ;
_c30 cm
490 1 _aOttíkova škola
490 1 _aAngličtina hrou
500 _aPodle anglického vyd.?
500 _aV kartonových deskách vlepena pub. s kartonovými listy (14 x 20 cm) a zvukový modul
521 8 _aUrčeno pro děti od 3 let
650 0 7 _aangličtina
_2czenas
650 0 7 _aslovní zásoba
_2czenas
650 0 7 _avýslovnost
_2czenas
650 0 9 _aEnglish language
_2eczenas
650 0 9 _avocabulary
_2eczenas
650 0 9 _apronunciation
_2eczenas
655 7 _apublikace pro děti
_2czenas
655 9 _achildren's literature
_2eczenas
830 0 _aOttíkova škola
830 0 _aAngličtina hrou (Ottovo nakladatelství)
901 _b9788073606077
_f[1. vyd.]
_o20080829
910 _aABA001
942 _2ddc
_cOLDE
_n0
999 _c21543
_d21543